000 00518nam a2200169Ia 4500
008 090711s9999 xx 000 0 und d
082 _b48442
100 _aकुलकर्णी अरुणा
245 _aजगावेगळे दान
260 _c1979
300 _a120
600 _aकुलकर्णी अरुणा
630 _aजगावेगळे दान
700 _aकुलकर्णी अरुणा
730 _aजगावेगळे दान
942 _cBOOK
999 _c299878
_d299878